| 000 | 00695am a2200277a 44500 | ||
|---|---|---|---|
| 003 | AR-BaBNM | ||
| 005 | 20251128204120.0 | ||
| 008 | 036019s1993 #AR|||||||||||000 | spa|| | ||
| 020 | _a950-537-243-4 | ||
| 040 | _cAR-BaBNM | ||
| 100 | 1 | _aO'Donnell, Gastón Alejandro | |
| 245 | 1 | 0 | _aElementos de derecho empresarial |
| 250 | _a1ª ed. | ||
| 260 |
_aBuenos Aires _bEdiciones Macchi _c1993 |
||
| 300 | _a260 p. | ||
| 504 | _aBibliografía p. 259-260 | ||
| 650 | 4 | _aEMPRESAS | |
| 650 | 4 | _aDERECHO CIVIL | |
| 650 | 4 | _aDERECHO COMERCIAL | |
| 650 | 4 | _aCONTRATOS | |
| 650 | 4 | _aSOCIEDAD | |
| 650 | 4 | _aMARCAS REGISTRADAS | |
| 650 | 4 | _aDERECHO LABORAL | |
| 942 | _cBK | ||
| 998 | _cCarmen | ||
| 999 |
_c6234 _d6234 |
||